00503nam a2200157 a 4500008004100000020001800041050001600059100001800075245012000093250001700213260002500230300002900255650002300284700002000307700001800327210303s2020 ||||||||||||||||| || u a9785907123588 aPG 2900 Ant aAntonova, V.E14aThe way to Russia: Russian language textbook A1 level (12th edition) cV.E Antonova; M.M Nakhabina and A.A Tolstych a12th edition aSt. Petersburgc2020 a200 pages: illustrations aRUSSIAN LITERATURE aNakhabina, M.M  aTolstych, A.A